00861 2200277 4500001002100000005001700021008004100038020001800079035002400097040001300121082001100134090001600145100002000161245015900181250001100340260003800351300002500389650002400414700002700438700003200465700001900497700001700516700001800533850001200551990002000563YOGYA-1212000000043820121219081434.0 ind  a979-006-113-7 0010-121200000000437 aYOPD DIY a572.43 a572.43bTek aHambali, Erliza aTeknologi bioenergicSiti Mujdalipah, Armansyah Halomoan Tambunan, Abdul Waries Pattiwiri, dan Roy Hendroko ; penyunting, M. Topan Nixon dan Tharien Agnes aCet.1. aJakartabAgro Media Pustakac2007 axiii, 110 hlmc23 cm aTeknologi bioenergi aAbdul Waries Pattiwiri aArmansyah Halomoan Tambunan aM. Topan Nixon aRoy Hendroko aTharien Agnes aYOPDYOG a2367-PD/P.08b1